Loading...

Religion and the Scientists. Addresses delivered in the University Church,Cambridge. /

Bibliografiske detaljer
Andre forfattere: Stockwood , Mervyn (Editor)
Sprog:Undetermined
Udgivet: 1959.
Fag:
LEADER 00467nam a2200133Ia 4500
001 69446
008 170722s9999 xx 000 0 und d
245 |a Religion and the Scientists.  |b Addresses delivered in the University Church,Cambridge. / 
260 |c 1959. 
653 |a Religion,science 
700 |a Stockwood , Mervyn  |e editor. 
942 |c GEN 
999 |c 51111  |d 51111 
952 |0 0  |1 0  |4 0  |6 QOAA_J9  |7 0  |8 CR  |9 72791  |a LIB  |b LIB  |d 2017-08-12  |h CR  |o QoaA J9  |p 67343  |r 2017-08-12  |w 2017-08-12  |y GEN